[Event "AUTO-ELITE-1535"]
[Site "http://www.queenalice.com/game.php?id=1409959"]
[Date "2016.2.19"]
[Round "2"]
[White "janeil"]
[Black "trompmaster"]
[Result "1-0"]
[WhiteElo "2614"]
[BlackElo "2427"]

1. e4 e6 2. d4 d5 3. Nc3 dxe4 4. Nxe4 Bd7 5. Nf3 Bc6 6. Bd3 Nd7 7. O-O Ngf6 8.
Ng3 Be7 9. b3 h5 10. Qe2 h4 11. Ne4 h3 12. g3 Ng4 13. Nfg5 Ndf6 14. Nxf7 Qxd4
15. Nxf6+ gxf6 16. Nxh8 Qd5 17. f3 Bc5+ 18. Kh1 Qe5 19. Be4 Bxe4 20. fxe4 Nf2+
21. Rxf2 Bxf2 22. Rb1 Bd4 23. Ba3 Rd8 24. Qg4 Rd5 25. Re1 Kd7 26. Ng6 Qh5 27.
Nf8+ Kc6 28. exd5+ Qxd5+ 29. Qe4 1-0

[Event "AUTO-ELITE-1541"]
[Site "http://www.queenalice.com/game.php?id=1410758"]
[Date "2016.2.23"]
[Round "2"]
[White "colombHouse"]
[Black "janeil"]
[Result "0-1"]
[WhiteElo "2459"]
[BlackElo "2618"]

1. d4 Nf6 2. Nc3 d5 3. Bf4 e6 4. e3 Be7 5. h3 a6 6. Nf3 O-O 7. Bd3 b5 8. O-O
Nbd7 9. Ne2 c5 10. c3 Bb7 11. Rc1 c4 12. Bc2 a5 13. Ne5 b4 14. Rb1 Nxe5 15. dxe5
Ne4 16. Bxe4 dxe4 17. Nd4 Qb6 18. Qg4 Rfd8 19. h4 Rd7 20. h5 Kh8 21. Bg5 Bxg5
22. Qxg5 h6 23. Qf4 Rad8 24. Rfc1 Bd5 25. a4 Qb8 26. Nb5 f6 27. exf6 Qxf4 28.
exf4 gxf6 29. Re1 e5 30. fxe5 fxe5 31. Re3 Bf7 32. Rxe4 Rd1+ 33. Re1 Rxe1+ 34.
Rxe1 Rd2 35. Kf1 Bxh5 36. Rxe5 Bg6 37. Re6 Bd3+ 0-1

[Event "AUTO-ELITE-1541"]
[Site "http://www.queenalice.com/game.php?id=1410759"]
[Date "2016.2.23"]
[Round "2"]
[White "janeil"]
[Black "colombHouse"]
[Result "1/2-1/2"]
[WhiteElo "2623"]
[BlackElo "2454"]

1. d4 Nf6 2. Nf3 d5 3. c4 e6 4. g3 Bb4+ 5. Bd2 Be7 6. Bg2 O-O 7. O-O Nc6 8. Qc2
a6 9. e3 Ne4 10. Rd1 Nd6 11. b3 a5 12. Ne5 Nb4 13. Bxb4 axb4 14. Nd3 Nf5 15. c5
Bg5 16. Re1 b6 17. Nxb4 bxc5 18. dxc5 Bf6 19. Nc3 Bb7 20. Rac1 c6 21. Na4 Qc7
22. Nb6 Ra3 23. Rcd1 Nd6 24. e4 Nb5 25. Rd3 h6 26. Rc1 Bg5 27. f4 Bf6 28. Qf2
Na7 29. g4 Re8 30. h4 g6 31. g5 hxg5 32. hxg5 Bg7 33. Rh3 Nc8 34. e5 Nxb6 35.
cxb6 Qd7 36. Qd4 Rc8 37. Qf2 1/2-1/2

[Event "AUTO-ELITE-1626"]
[Site "http://www.queenalice.com/game.php?id=1421152"]
[Date "2016.5.3"]
[Round "2"]
[White "janeil"]
[Black "Bruscato"]
[Result "1-0"]
[WhiteElo "2624"]
[BlackElo "2147"]

1. e4 c5 2. Nf3 d6 3. d4 cxd4 4. Nxd4 Nf6 5. Nc3 g6 6. Be3 Bg7 7. f3 O-O 8. Qd2
Nc6 9. O-O-O Bd7 10. g4 Nxd4 11. Bxd4 b5 12. h4 b4 13. Nd5 Nxd5 14. Bxg7 Kxg7
15. exd5 a5 16. h5 Rh8 17. Bd3 f6 18. g5 f5 19. Qe3 Rc8 20. hxg6 hxg6 21. Rxh8
Qxh8 22. Qxe7+ 1-0

[Event "AUTO-ELITE-1626"]
[Site "http://www.queenalice.com/game.php?id=1421153"]
[Date "2016.5.3"]
[Round "2"]
[White "Bruscato"]
[Black "janeil"]
[Result "0-1"]
[WhiteElo "2072"]
[BlackElo "2625"]

1. e4 e5 2. f4 exf4 3. Nf3 d5 4. exd5 Nf6 5. c4 c6 6. d4 cxd5 7. Bxf4 Bb4+ 8.
Nbd2 O-O 9. Be2 dxc4 10. O-O c3 11. bxc3 Bxc3 12. Rc1 Bxd4+ 13. Nxd4 Qxd4+ 14.
Kh1 Nc6 15. Qb3 Nd5 16. Rc4 Nxf4 17. Rxd4 Nxd4 18. Qb2 Ndxe2 19. Qe5 Bd7 20.
Rxf4 Rfe8 21. Qg5 h6 22. Qh4 Nxf4 23. Qxf4 Re1+ 0-1

[Event "AUTO-ELITE-1581"]
[Site "http://www.queenalice.com/game.php?id=1424239"]
[Date "2016.5.22"]
[Round "2"]
[White "rsgaspar"]
[Black "janeil"]
[Result "1/2-1/2"]
[WhiteElo "2467"]
[BlackElo "2620"]

1. e4 e5 2. Nf3 Nc6 3. Bb5 Nf6 4. O-O Nxe4 5. d4 Nd6 6. Bxc6 dxc6 7. dxe5 Nf5 8.
Qxd8+ Kxd8 9. Nc3 Ke8 10. Ne4 Be6 11. b3 Be7 12. Bb2 Rd8 13. Rfd1 Bd5 14. Ned2
c5 15. c4 Bc6 16. Nf1 h5 17. Rxd8+ Kxd8 18. Ng3 Nxg3 19. fxg3 Be4 20. Re1 Bf5
21. Rf1 Bc2 22. Ne1 Bg6 23. Nd3 Bxd3 24. Rd1 Kd7 25. Rxd3+ Ke6 26. Kf2 Rd8 27.
Rxd8 Bxd8 28. Kf3 Kf5 29. h3 c6 30. Bc3 b6 31. g4+ hxg4+ 32. hxg4+ Ke6 33. Kf4
Bh4 34. Bd2 Bf2 35. Ke4 Bd4 36. Bf4 Bb2 37. g5 g6 38. a4 1/2-1/2

[Event "AUTO-ELITE-1581"]
[Site "http://www.queenalice.com/game.php?id=1424240"]
[Date "2016.5.22"]
[Round "2"]
[White "janeil"]
[Black "rsgaspar"]
[Result "1-0"]
[WhiteElo "2617"]
[BlackElo "2470"]

1. e4 c5 2. Nf3 Nc6 3. Bb5 e5 4. O-O Nf6 5. Bxc6 bxc6 6. Nxe5 Qc7 7. Nf3 d5 8.
exd5 cxd5 9. d4 Be7 10. dxc5 Qxc5 11. Be3 Qc6 12. Re1 O-O 13. Nc3 Rd8 14. Bg5
Qb7 15. Nd4 Rf8 16. a4 Bd8 17. Ra3 h6 18. Bh4 Qd7 19. Nf3 Bb7 20. Rb3 Qc8 21. h3
g5 22. Nxg5 hxg5 23. Bxg5 Qc6 24. Nb5 Ne4 25. Rxe4 dxe4 26. Rg3 Qg6 27. Bh6 Qxg3
28. fxg3 Bf6 29. Nd6 Bc8 30. Bxf8 Be6 31. Nxe4 Bxb2 32. Be7 Rc8 33. Qh5 1-0

[Event "AUTO-ELITE-1581"]
[Site "http://www.queenalice.com/game.php?id=1424243"]
[Date "2016.5.22"]
[Round "2"]
[White "janeil"]
[Black "Suso71"]
[Result "0-1"]
[WhiteElo "2622"]
[BlackElo "2830"]

1. e4 c5 2. Nf3 d6 3. d4 cxd4 4. Nxd4 Nf6 5. Nc3 Nc6 6. Bg5 e6 7. Qd2 a6 8.
O-O-O Be7 9. f4 Bd7 10. Nf3 b5 11. Bxf6 gxf6 12. f5 O-O 13. Kb1 Kh8 14. Ne2 Rg8
15. Nf4 Qc8 16. h4 exf5 17. Bd3 Ne5 18. Nd4 Qc5 19. Nb3 Qa7 20. exf5 Rae8 21.
Rhe1 Bd8 22. Nh5 d5 23. a3 Qb8 24. Nd4 a5 25. Be2 b4 26. axb4 axb4 27. Qh6 Qb6
28. b3 Be7 29. Ne6 Bxe6 30. fxe6 Ra8 31. Nxf6 Rg7 32. Nh5 Rxg2 33. Nf6 Rg7 34.
Nh5 Rg6 35. Qc1 Qa5 36. Qb2 Rxe6 37. Rh1 f6 0-1

[Event "AUTO-ELITE-1581"]
[Site "http://www.queenalice.com/game.php?id=1424244"]
[Date "2016.5.22"]
[Round "2"]
[White "Suso71"]
[Black "janeil"]
[Result "1/2-1/2"]
[WhiteElo "2829"]
[BlackElo "2595"]

1. e4 e5 2. Nf3 Nc6 3. Bb5 Nf6 4. O-O Nxe4 5. d4 Nd6 6. Bxc6 dxc6 7. dxe5 Nf5 8.
Qxd8+ Kxd8 9. Rd1+ Ke8 10. Nc3 Ne7 11. h3 Ng6 12. b3 Be7 13. Ne2 a5 14. Bb2 a4
15. Ng3 h5 16. Re1 Kf8 17. Rad1 c5 18. c4 Nf4 19. e6 Nxe6 20. Nf5 Bf6 21. Bxf6
gxf6 22. N3h4 axb3 23. axb3 b6 24. Rd3 Bb7 25. Rd2 Rg8 26. f3 Bc6 27. Kf2 Rg5
28. g4 hxg4 29. hxg4 Rg8 30. Rd3 Nf4 31. Rdd1 Ra2+ 32. Kg3 Ne6 33. Rb1 Rc2 34.
Rbd1 Rb2 35. Re3 Rg5 36. Red3 Ke8 37. Re1 Kf8 38. Red1 Ra2 39. Ne3 Nd4 40. Nhf5
Ne2+ 41. Kh4 Rg8 42. Rd8+ Be8 43. Nh6 Rh8 44. Nf5 Nf4 45. R1d7 Rh7 46. Kg3 Ne2+
47. Kg2 Nd4+ 48. Kg3 Ne2+ 49. Kf2 Nd4+ 50. Kg3 Ne2+ 1/2-1/2

[Event "AUTO-ELITE-1631"]
[Site "http://www.queenalice.com/game.php?id=1425017"]
[Date "2016.5.27"]
[Round "2"]
[White "janeil"]
[Black "Walbrodt"]
[Result "0-1"]
[WhiteElo "2619"]
[BlackElo "2605"]

1. d4 Nf6 2. c4 g6 3. f3 Bg7 4. e4 d6 5. Ne2 O-O 6. Be3 c5 7. Qd2 Nc6 8. d5 Ne5
9. Nec3 Nh5 10. Be2 f5 11. exf5 gxf5 12. Bh6 f4 13. Bxg7 Nxg7 14. Na3 Bd7 15.
O-O-O a6 16. g3 Qe8 17. Rhg1 fxg3 18. Rxg3 Kh8 19. f4 Ng6 20. Rf1 Qf7 21. Nc2
Qf6 22. Rgf3 b5 23. Ne4 Qh4 24. Ne1 Bf5 25. Qe3 Bxe4 26. Qxe4 Nh5 27. Nd3 bxc4
28. Qxc4 Rf5 29. Kb1 Nf6 0-1

[Event "AUTO-ELITE-1631"]
[Site "http://www.queenalice.com/game.php?id=1425018"]
[Date "2016.5.27"]
[Round "2"]
[White "Walbrodt"]
[Black "janeil"]
[Result "1-0"]
[WhiteElo "2613"]
[BlackElo "2611"]

1. d4 Nf6 2. c4 e6 3. Nf3 d5 4. Nc3 Be7 5. Bg5 h6 6. Bh4 O-O 7. e3 b6 8. Be2 Bb7
9. Bxf6 Bxf6 10. cxd5 exd5 11. b4 c6 12. O-O Re8 13. Qb3 a5 14. bxa5 Rxa5 15.
Rfe1 Nd7 16. a4 Re7 17. Rac1 g6 18. h4 h5 19. Bf1 Bg7 20. g3 Nf8 21. Rb1 c5 22.
Red1 Nd7 23. Bh3 c4 24. Qb4 Bf8 25. Qb2 Ra6 26. Bg2 Qa8 27. Qd2 Ra5 28. Qc2 Qd8
29. Rb2 Bg7 30. Rb4 1-0

[Event "AUTO-ELITE-1613"]
[Site "http://www.queenalice.com/game.php?id=1432049"]
[Date "2016.7.17"]
[Round "2"]
[White "pedrolopez"]
[Black "janeil"]
[Result "0-1"]
[WhiteElo "2292"]
[BlackElo "2617"]

1. d4 Nf6 2. Bg5 d5 3. Bxf6 gxf6 4. c4 dxc4 5. e3 c5 6. Bxc4 cxd4 7. exd4 Nc6 8.
Ne2 Bg7 9. Nbc3 O-O 10. O-O f5 11. d5 Ne5 12. Bb3 Qb6 13. Qd2 Bd7 14. Rad1 Rac8
15. Ng3 Nc4 16. Bxc4 Rxc4 17. Qe2 Qc5 18. Nh5 b5 19. Nxg7 Kxg7 20. d6 e6 0-1

[Event "AUTO-ELITE-1613"]
[Site "http://www.queenalice.com/game.php?id=1432050"]
[Date "2016.7.17"]
[Round "2"]
[White "janeil"]
[Black "pedrolopez"]
[Result "1-0"]
[WhiteElo "2618"]
[BlackElo "2290"]

1. e4 e6 2. d4 d5 3. Nd2 Nf6 4. e5 Nfd7 5. Bd3 c5 6. c3 Nc6 7. Ngf3 cxd4 8. cxd4
Qb6 9. O-O a5 10. a3 Be7 11. Re1 g5 12. Nb3 a4 13. Nc5 Nxc5 14. dxc5 Bxc5 15.
Be3 Bxe3 16. Rxe3 h6 17. h3 Qxb2 18. Re2 Qb3 19. Bc2 Qc3 20. Re3 Qa5 21. Rb1 b5
22. Nd4 Nxd4 23. Qxd4 Bd7 24. Rc3 1-0

[Event "AUTO-ELITE-1601"]
[Site "http://www.queenalice.com/game.php?id=1448018"]
[Date "2016.11.4"]
[Round "2"]
[White "janeil"]
[Black "C64"]
[Result "0-1"]
[WhiteElo "2592"]
[BlackElo "2600"]

1. e4 c5 2. Nf3 d6 3. d4 cxd4 4. Nxd4 Nf6 5. Nc3 a6 6. Be3 e5 7. Nf3 Be7 8. Bc4
O-O 9. O-O Nc6 10. Bb3 Be6 11. Bg5 Nd7 12. Bxe7 Qxe7 13. Nd5 Qd8 14. Qd2 Nc5 15.
Rfe1 Rc8 16. Rac1 f5 17. Ng5 Nxb3 18. cxb3 Bd7 19. exf5 Bxf5 20. f4 h6 21. Nf3
Bg4 22. Rc3 Kh8 23. Rd3 Bh5 24. Rde3 Rf7 25. Rf1 exf4 26. Re4 g5 27. Re6 Qf8 28.
Nb6 Re8 0-1

[Event "AUTO-ELITE-1601"]
[Site "http://www.queenalice.com/game.php?id=1448019"]
[Date "2016.11.4"]
[Round "2"]
[White "C64"]
[Black "janeil"]
[Result "1-0"]
[WhiteElo "2608"]
[BlackElo "2584"]

1. e4 c5 2. Nf3 d6 3. d4 cxd4 4. Nxd4 Nf6 5. Nc3 a6 6. Be3 e5 7. Nb3 Be6 8. f3
Be7 9. Qd2 O-O 10. O-O-O Nbd7 11. g4 Qc7 12. Kb1 b5 13. g5 Nh5 14. Nd5 Bxd5 15.
exd5 Nb6 16. Na5 Nxd5 17. Qxd5 Qxa5 18. Bd3 Rac8 19. c4 Qd8 20. cxb5 axb5 21. h4
b4 22. Rhe1 Qd7 23. f4 Qc6 24. Qxc6 Rxc6 25. Bd2 f6 26. gxf6 Bxf6 27. fxe5 Bxe5
28. Re4 1-0

[Event "AUTO-OPEN-3451"]
[Site "http://www.queenalice.com/game.php?id=1451177"]
[Date "2016.11.21"]
[Round "3"]
[White "janeil"]
[Black "Dogeval"]
[Result "1/2-1/2"]
[WhiteElo "2592"]
[BlackElo "2603"]

1. d4 Nf6 2. Nf3 e6 3. e3 d5 4. Bd3 c5 5. b3 Nc6 6. Bb2 b6 7. Nbd2 Bb7 8. O-O
Be7 9. Ne5 O-O 10. f4 Nb4 11. Be2 Bd6 12. c3 Nc6 13. g4 Nd7 14. Ndf3 Ne7 15.
Nxd7 Qxd7 16. Qe1 f6 17. Qh4 Rac8 18. Bd3 g6 19. g5 fxg5 20. Nxg5 Nf5 21. Qh3 a6
22. Rae1 b5 23. Rf2 Rc7 24. e4 dxe4 25. Bxe4 cxd4 26. cxd4 Bd5 27. Qf3 Bb4 28.
Bxd5 exd5 29. Re5 Rfc8 30. Qg2 Be7 31. Ne6 Rc6 32. Rxf5 Bh4 33. Rf1 Qxe6 34. Re5
Qf7 35. f5 Rc2 36. Qg4 Bf6 37. fxg6 1/2-1/2

[Event "AUTO-OPEN-3451"]
[Site "http://www.queenalice.com/game.php?id=1451178"]
[Date "2016.11.21"]
[Round "3"]
[White "Dogeval"]
[Black "janeil"]
[Result "1-0"]
[WhiteElo "2595"]
[BlackElo "2600"]

1. e4 e5 2. Nf3 Nc6 3. Bb5 Nf6 4. O-O Nxe4 5. d4 Nd6 6. Bxc6 dxc6 7. dxe5 Nf5 8.
Qxd8+ Kxd8 9. Nc3 Ke8 10. Rd1 Ne7 11. h3 Ng6 12. b3 Be7 13. Bb2 Bf5 14. Nd4 Bd7
15. Re1 Rd8 16. Re3 Nf4 17. Ne4 c5 18. Nf6+ Kf8 19. Nxd7+ Rxd7 20. Ne2 Ne6 21.
f4 g6 22. Ng3 Kg7 23. f5 gxf5 24. Nxf5+ Kf8 25. Re2 Rg8 26. Rf1 Rg5 27. a4 h5
28. Kh2 a6 29. Ref2 Rg6 30. Nxe7 Rxe7 31. Rf5 Rh6 32. Rd1 Ke8 33. h4 Ng7 34. Rf3
Rg6 35. g3 Rg4 36. Rd2 c4 37. b4 Re4 38. Kh3 1-0